02217nam a22003497a 4500952009600000952009600096952010800192999001900300003000400319005001700323008004100340020003400381020003100415040000800446050001500454245009800469250001900567260005000586300001800636490004500654504004800699505069800747519012301445519004401568519004401612650004101656650003201697651005201729700003901781700004001820942000701860 00102lcc4070a09b09d2019-07-18l0oUA603 S44p26 000055r2019-07-18t1w2019-07-18yLB 00102lcc4070a09b09d2019-07-18l0oUA603 S44p26 000056r2019-07-18t2w2019-07-18yLB 00102lcc4070a09b09d2019-07-18l1oUA603 S44p26 000057r2020-02-17s2020-02-17t3w2019-07-18yLB c104343d104343OSt20231102152114.0190718s 2010mx 000 0 spa d a9786074621112 (obra completa) a9786074621273 (volumen XV) aUIN 4aUA603bS4400aSeguridad nacional y seguridad interior c / Arturo Alvarado y Mónica Serrano coordinadores a1a. edición  aMéxicob : El Colegio de Méxicoc , 2010  a261 páginas0 aLos grandes problemas de Méxicov ; 15 aBibliografía al final de cada capítulo 0 aLa respuesta del gobierno de Calderón al desafío del narcotráfico: entre lo malo y lo peor Movimientos guerrilleros y los servicios de inteligencia.(notas reiteradas y nuevas conclusiones) Los fracasos del chantaje. Régimen de prohibición de dorgas y narcotráfico Las fuerzas armadas mexicanas en a seguridad pública y la seguridad nacional Inteligencia y seguridad nacional. Apuntes y reflexiones La actuación de las fuerzas armadas en la seguridad pública en México y Brasil: una visión comparada Seguridad y migración en la frontera sur Panorama del homicidio en México. Esquema de análisis territorial 1990-2007 el piadoso olvido: el PAN y los derechos humanos aModalidad Ejecutiva / bRelaciones Internacionales / cSeguridad Nacional e Internacional (130501D20) / d(26 000055)  aMaterial Complementario / d(26 000056) aMaterial Complementario / d(26 000057) 4aSEGURIDAD NACIONALxHISTORIAzMEXICO 4aCONTROL DE DROGASzMÉXICO 4aMÉXICOxFUERZAS ARMADAS xHISTORIA ySIGLO XX1 aAlvarado, Arturo e , coordinador 1 aSerrano, Mónica e , coordinador  cLB